| 000 | 00544nam a2200205 a 4500 | ||
|---|---|---|---|
| 999 |
_c4627 _d4627 |
||
| 001 | 4627 | ||
| 003 | BD-JhCC | ||
| 005 | 20171129125604.0 | ||
| 008 | 171129s1953 nyua|||| |||| 001 0 eng d | ||
| 035 | _a(BD-JhCC) | ||
| 040 |
_aBD-JhCC _dBD-JhCC |
||
| 041 | _aeng | ||
| 082 |
_a812.54 _bALO 1953 |
||
| 245 |
_aAlong Blazed Trails : _bThe Childrns hour / _cMarjorie Barrows |
||
| 260 |
_aNew York : _bThe Spencer Press, _c1953 |
||
| 300 |
_a372 p. : _bill. ; _c24cm. |
||
| 650 | _aAmerican Drama | ||
| 700 | _aBarrows, Marjorie | ||
| 942 |
_2ddc _cBK |
||